| 000 | 00452nam a2200169Ia 4500 | ||
|---|---|---|---|
| 008 | 240428s9999||||xx |||||||||||||| ||und|| | ||
| 020 | _a2018354848 | ||
| 041 | _aeng | ||
| 082 | _a327.12A | ||
| 100 | _aAkurgo, Alex | ||
| 245 | 0 | _aKwame Nkrumah: a story from CIA files | |
| 260 |
_bSTARICOM _aAccra _c2018 |
||
| 300 | _axiii, 326p: imgs; | ||
| 650 | _aKwame Nkrumah - Foreign Relations between Ghana and Britain during | ||
| 942 | _cBK | ||
| 999 |
_c285 _d285 |
||